000 00341nam a2200109Ia 4500
008 171211s9999 xx 000 0 und d
245 _aBeer Lover's New York: The Empire State's Best Breweries, Brewpubs & Beer Bars
245 _cSarah Annese
260 _c2014
650 _xCOOKBOOKS
856 _uhttp://down.ebook777.com/064/B00MJDA0TC.pdf
999 _c348125
_d348125